50 Tubes francophones de 1970 à 2019 (2 ) - Statistiques

Statistiques générales
  • Ce quiz a été pris 388 fois
  • Le résultat moyen est 26 sur 50
Statistiques - réponses
Interprètes Année Chanson % Correct
Claude François 1972 Le lundi au soleil
88%
Patrick Bruel 1991 Qui a le droit
81%
Dave 1974 Vanina
80%
Florent Pagny 1997 Savoir aimer
80%
Renaud 1983 Dès que le vent soufflera
79%
Khaled 1996 Aïcha
77%
Stromae 2013 Tous les mêmes
77%
Vanessa Paradis & Matthieu Chédid 2011 La Seine
76%
Mylène Farmer 1988 Pourvu qu'elles soient douces
74%
Jordy 1992 Dur dur d'être un bébé
73%
Christophe Willem 2007 Jacques a dit
71%
Clara Luciani 2018 La grenade
69%
Vianney 2016 Je m'en vais
68%
Notre Dame de Paris 1998 Belle
65%
Patricia Kaas 1993 Il me dit que je suis belle
65%
Elsa 1986 T'en va pas
62%
Tina Arena 1999 Aller plus haut
61%
Lara Fabian & Maurane 2002 Tu es mon autre
60%
BB Brunes 2012 Coups et blessures
59%
Soprano 2014 Cosmo
58%
François Feldman 1989 Les valses de Vienne
57%
Céline Dion 1995 Je sais pas
55%
Nicoletta 1971 Mamy blue
55%
Tragédie 2003 Hey oh
54%
Nâdiya 2004 Et c'est parti
53%
Amel Bent 2005 Ne retiens pas tes larmes
52%
Bigflo & Oli 2017 Dommage
51%
Star Academy 2001 La musique
51%
Vitaa & Slimane 2019 Ca va ça vient
51%
Michel Sardou 1970 J'habite en France
50%
Alain Chamfort 1979 Manureva
48%
Julien Clerc 1982 Lili voulait aller danser
47%
Guesch Patti 1987 Etienne
44%
C-Jérôme 1985 Et tu danses avec lui
42%
Peter & Sloane 1984 Besoin de rien, envie de toi
40%
Christophe 1975 Petite fille du soleil
38%
Jean-Michel Jarre 1977 Oxygène
37%
Michel Delpech 1973 Les divorcés
36%
Ridsa 2015 Là c'est die
34%
Jena Lee 2009 J'aimerais tellement
33%
Lio 1980 Amoureux solitaires
31%
Louis Chédid 1978 T'as beau pas être beau
29%
Roméo & Juliette 2000 Les rois du monde
28%
Faf Larage 2006 Pas le temps
25%
Enzo Enzo 1994 Juste quelqu'un de bien
23%
Guillaume Grand 2010 Toi et moi
23%
William Sheller 1976 Le carnet à spirales
23%
Félix Gray & Didier Barbelivien 1990 Il faut laisser le temps au temps
21%
Karen Cheryl 1981 Les nouveaux romantiques
16%
Anaïs 2008 Peut être une angine
13%
Aucun quiz correspondant
Distribution des résultats
% des personnes avec chaque résultat
Percentile par nombre de réponses
Votre historique - résultats
Vous n’avez pas pris ce quiz